| 000 | 00513nam a2200097Ia 4500 | ||
|---|---|---|---|
| 008 | 180130s9999 xx 000 0 und d | ||
| 245 |
_cKumar, Naresh; Lucio, Miguel Martinez _aDeveloping contexts of human resource management and industrial relations: globalization and employment relations strategies and narratives |
||
| 260 | _c2014 | ||
| 300 | _aBook title: International human resource management : an employment relations perspective--Acession number C18843; pages 201-219 | ||
| 650 | _aHUMAN RESOURCE MANAGEMENT | ||
| 999 |
_c353688 _d353688 |
||